Proceedings of the fifth hawaii topical conference in particle physics (1973) / (Record no. 180563)
[ view plain ]
| 000 -LEADER | |
|---|---|
| fixed length control field | 01081 a2200241 4500 |
| 003 - CONTROL NUMBER IDENTIFIER | |
| control field | Nust |
| 005 - DATE AND TIME OF LATEST TRANSACTION | |
| control field | 20221128131452.0 |
| 010 ## - LIBRARY OF CONGRESS CONTROL NUMBER | |
| LC control number | 73092867 |
| 020 ## - INTERNATIONAL STANDARD BOOK NUMBER | |
| International Standard Book Number | 0824803272 |
| 040 ## - CATALOGING SOURCE | |
| Transcribing agency | Nust |
| 082 00 - DEWEY DECIMAL CLASSIFICATION NUMBER | |
| Classification number | 530,PRO |
| 245 00 - TITLE STATEMENT | |
| Title | Proceedings of the fifth hawaii topical conference in particle physics (1973) / |
| Statement of responsibility, etc. | Edited by P. N. Dobson, Jr., V. Z. Peterson, and S. F. Tuan. Contributors: R. P. Feynman [and others. |
| 260 ## - PUBLICATION, DISTRIBUTION, ETC. | |
| Place of publication, distribution, etc. | Honolulu, |
| Name of publisher, distributor, etc. | University Press of Hawaii, |
| Date of publication, distribution, etc. | 1974] |
| 300 ## - PHYSICAL DESCRIPTION | |
| Extent | ix, 710 p. |
| Other physical details | illus. |
| Dimensions | 23 cm. |
| 505 ## - FORMATTED CONTENTS NOTE | |
| Formatted contents note | Partons (Page-3), An Introduction to Renormalizable Models Of Weak Interactions (Page-103), Experimental Review of Strong Interactions at High Energy (Page-189), Experimental Aspects of Neutrino Physics (Page-507). |
| 650 #0 - SUBJECT ADDED ENTRY--TOPICAL TERM | |
| Topical term or geographic name entry element | Nuclear reactions |
| General subdivision | Congresses. |
| 9 (RLIN) | 103676 |
| 650 #0 - SUBJECT ADDED ENTRY--TOPICAL TERM | |
| Topical term or geographic name entry element | Particles (Nuclear physics) |
| General subdivision | Congresses. |
| 9 (RLIN) | 103677 |
| 700 1# - ADDED ENTRY--PERSONAL NAME | |
| Personal name | Dobson, Peter Norman, |
| 9 (RLIN) | 103678 |
| 700 1# - ADDED ENTRY--PERSONAL NAME | |
| Personal name | Feynman, Richard Phillips. |
| 9 (RLIN) | 103679 |
| 700 1# - ADDED ENTRY--PERSONAL NAME | |
| Personal name | Peterson, V. Z. |
| Dates associated with a name | 1921- |
| 9 (RLIN) | 103680 |
| 700 1# - ADDED ENTRY--PERSONAL NAME | |
| Personal name | Tuan, San Fu, |
| Dates associated with a name | 1932- |
| 9 (RLIN) | 103681 |
| 942 ## - ADDED ENTRY ELEMENTS (KOHA) | |
| Source of classification or shelving scheme | |
| Koha item type | Book |
| Call number prefix | 530,PRO |
| Withdrawn status | Lost status | Source of classification or shelving scheme | Damaged status | Not for loan | Collection code | Permanent Location | Current Location | Date acquired | Total Checkouts | Full call number | Barcode | Date last seen | Price effective from | Koha item type |
|---|---|---|---|---|---|---|---|---|---|---|---|---|---|---|
| Military College of Signals (MCS) | Military College of Signals (MCS) | 12/12/2016 | 530 PRO | MCS6034 | 12/08/2016 | 12/12/2016 | Book |
